000 00325nam a22001577a 4500
003 SGT
020 _a9788131758915
082 _a531
_bGOL
100 _aGOLDSTEIN,HERBERT
245 _aCLASSICAL MECHANICS
250 _a3RD
260 _aNEW DELHI
_bPEARSON
_c2023
300 _a646
650 _aPHYSICS
942 _2ddc
_cBK
999 _c24997
_d24997